[Event "16th Sants Open 2014"]
[Site "Barcelona ESP"]
[Date "2014.08.24"]
[Round "3.9"]
[White "Libiszewski, Fabien"]
[Black "Vidarte Morales, Arturo"]
[Result "1-0"]
[WhiteTitle "GM"]
[BlackTitle "IM"]
[WhiteElo "2531"]
[BlackElo "2326"]
[WhiteFideId "616834"]
[BlackFideId "3800253"]
[EventDate "2014.08.22"]

1. e4 c5 2. Nf3 g6 3. c3 Bg7 4. d4 cxd4 5. cxd4 d5 6. e5 Nc6 7. Bb5 e6 8. O-O
Ne7 9. Nc3 O-O 10. Re1 a6 11. Bf1 b5 12. Bf4 Qb6 13. Qd2 Bd7 14. Rad1 f6 15.
exf6 Bxf6 16. Bh6 Rf7 17. Ng5 Bxg5 18. Bxg5 Raf8 19. Bxe7 Nxe7 20. f3 Nc6 21.
Kh1 Qd8 22. Ne2 g5 23. Nc1 Rf4 24. Nb3 Qf6 25. Be2 Qg7 26. Qe3 Kh8 27. Rd2 R4f5
28. Red1 Rf4 29. Rc1 Qe7 30. Rdc2 Qd6 31. Kg1 R4f5 32. Nc5 Nb4 33. Rd2 Bc8 34.
a3 Nc6 35. Rdc2 Na5 36. b3 e5 37. Bd3 exd4 38. Qd2 Nc4 39. bxc4 dxc4 40. Bxf5
Qxc5 41. Bxc8 Rxc8 42. Qb4 d3+ 43. Qxc5 Rxc5 44. Rd2 Rd5 45. Kf2 Kg7 46. Ke3 Kf6
47. g3 Ke6 48. f4 gxf4+ 49. gxf4 Kd6 50. Rf2 Kc5 51. f5 d2 52. Rxd2 Rxf5 53. Rf2
Rh5 54. Rg1 a5 55. Rgf1 Rh3+ 56. Rf3 Rxh2 57. Rf5+ Kc6 58. Rf6+ Kd7 59. Rb6 1-0

[Event "16th Sants Open 2014"]
[Site "Barcelona ESP"]
[Date "2014.08.24"]
[Round "3.10"]
[White "Hernando Rodrigo, Julio Antonio"]
[Black "Narciso Dublan, Marc"]
[Result "0-1"]
[WhiteTitle "FM"]
[BlackTitle "GM"]
[WhiteElo "2342"]
[BlackElo "2515"]
[WhiteFideId "2208350"]
[BlackFideId "2201500"]
[EventDate "2014.08.22"]

1. d4 Nf6 2. c4 e6 3. Nf3 Bb4+ 4. Bd2 c5 5. Bxb4 cxb4 6. g3 O-O 7. Bg2 d6 8.
Nbd2 Nc6 9. Nf1 Bd7 10. Ne3 Ne7 11. O-O a5 12. a3 bxa3 13. bxa3 b5 14. d5 bxc4
15. dxe6 Bxe6 16. Nd4 d5 17. Nxc4 dxc4 18. Bxa8 Qxa8 19. Nxe6 fxe6 20. Qd6 Kf7
21. Rab1 Rc8 22. Rfc1 Nf5 23. Qb6 Rc6 24. Qb5 Nd4 25. Qe5 Nb3 26. Rc3 a4 27. Rd1
Qa5 28. Qb8 Qxc3 29. Qb7+ Kg6 30. Qxc6 Nd4 31. Qxa4 Nxe2+ 32. Kf1 Qf3 33. Qc2+
Ne4 0-1

[Event "16th Sants Open 2014"]
[Site "Barcelona ESP"]
[Date "2014.08.24"]
[Round "3.11"]
[White "Bromberger, Stefan"]
[Black "Lillo Castany, Victor"]
[Result "1/2-1/2"]
[WhiteTitle "IM"]
[BlackTitle "FM"]
[WhiteElo "2510"]
[BlackElo "2319"]
[WhiteFideId "4635248"]
[BlackFideId "2278995"]
[EventDate "2014.08.22"]

1. e4 e5 2. Nf3 Nc6 3. Bb5 f5 4. d3 fxe4 5. dxe4 Nf6 6. O-O Bc5 7. Bxc6 bxc6 8.
Nxe5 O-O 9. Nc3 d6 10. Nd3 Bd4 11. Qe1 Qe8 12. Be3 Bxc3 13. Qxc3 Qxe4 14. Rfe1
Bd7 15. Bxa7 Qg6 16. Be3 Nd5 17. Qc4 Bh3 18. g3 Kh8 19. Qxc6 Qf7 20. c4 Ne7 21.
Qe4 Bf5 22. Qd4 Nc6 23. Qd5 Bxd3 24. Qxc6 Bxc4 25. Rad1 Bxa2 26. Rd4 Be6 27. Rf4
Qd7 28. Qxd7 Bxd7 29. Rxf8+ Rxf8 30. Bd2 Re8 1/2-1/2

[Event "16th Sants Open 2014"]
[Site "Barcelona ESP"]
[Date "2014.08.24"]
[Round "3.12"]
[White "Pogan, Nikolas"]
[Black "Comas Fabrego, Lluis"]
[Result "0-1"]
[WhiteTitle "FM"]
[BlackTitle "GM"]
[WhiteElo "2313"]
[BlackElo "2508"]
[WhiteFideId "24673579"]
[BlackFideId "2200325"]
[EventDate "2014.08.22"]

1. Nf3 Nf6 2. g3 g6 3. Bg2 Bg7 4. O-O O-O 5. c4 d6 6. d4 Nbd7 7. Nc3 e5 8. e4
exd4 9. Nxd4 Re8 10. h3 Nc5 11. Re1 Bd7 12. Nb3 Na4 13. Nxa4 Bxa4 14. Qc2 Nd7
15. Bd2 Ne5 16. f4 Nc6 17. Bc3 Bxb3 18. Qxb3 Nd4 19. Qd1 c5 20. Qd3 Qb6 21. Kh2
Nc6 22. Bxg7 Kxg7 23. Qc3+ Nd4 24. Rab1 a5 25. Rf1 Re7 26. f5 f6 27. fxg6 hxg6
28. Rf2 Rf8 29. Rbf1 Re5 30. Rd2 Qc7 31. Qd3 Qe7 32. Qc3 b6 33. b3 f5 34. exf5
Rfxf5 35. Rxf5 gxf5 36. Rxd4 cxd4 37. Qxd4 Qf6 38. Qxb6 f4 39. Qf2 fxg3+ 40.
Qxg3+ Rg5 41. Qf3 Qe5+ 42. Kh1 Rg3 43. Qb7+ Kh6 44. Qf7 Rc3 45. Qf8+ Kg5 46.
Qg8+ Kf4 47. Qg4+ Ke3 48. Qf3+ Kd2 49. Qf2+ Kc1 50. Qc2+ Rxc2 0-1

[Event "16th Sants Open 2014"]
[Site "Barcelona ESP"]
[Date "2014.08.24"]
[Round "3.14"]
[White "Sorm, Daniel"]
[Black "Delorme, Axel"]
[Result "1/2-1/2"]
[WhiteTitle "FM"]
[BlackTitle "IM"]
[WhiteElo "2312"]
[BlackElo "2501"]
[WhiteFideId "5400139"]
[BlackFideId "632023"]
[EventDate "2014.08.22"]

1. d4 Nf6 2. c4 e6 3. Nc3 Bb4 4. e3 O-O 5. Bd3 d5 6. cxd5 exd5 7. Ne2 Re8 8. O-O
Bd6 9. Bd2 a6 10. Rc1 Nbd7 11. Nf4 c6 12. Qf3 Nf8 13. h3 Ng6 14. Nxg6 hxg6 15.
Rce1 Bc7 16. g4 Ne4 17. Re2 Qh4 18. Nxe4 dxe4 19. Bxe4 Bxg4 20. Qxg4 Rxe4 21.
Qxh4 Rxh4 22. Kg2 f6 23. e4 Rd8 24. Bc3 Kf7 25. Rd1 Rh5 26. Red2 Rb5 27. d5 cxd5
28. a4 Rb3 29. Rxd5 Rxd5 30. Rxd5 Ke6 31. Rc5 Kd6 32. Rc4 b5 33. axb5 axb5 34.
e5+ fxe5 35. Bxe5+ Kxe5 36. Rxc7 Kf6 37. Rc6+ Kg5 38. Rc7 Rxb2 39. Rxg7 b4 40.
h4+ 1/2-1/2

[Event "16th Sants Open 2014"]
[Site "Barcelona ESP"]
[Date "2014.08.24"]
[Round "3.15"]
[White "Klein, David"]
[Black "Piepho, Niels"]
[Result "1-0"]
[WhiteTitle "IM"]
[WhiteElo "2498"]
[BlackElo "2293"]
[WhiteFideId "1003623"]
[BlackFideId "4624262"]
[EventDate "2014.08.22"]

1. e4 d6 2. d4 Nf6 3. Nc3 g6 4. Be3 Bg7 5. Qd2 c6 6. h3 Nbd7 7. f4 b5 8. Bd3 Nb6
9. Nf3 O-O 10. O-O Nc4 11. Bxc4 bxc4 12. f5 Rb8 13. Bh6 Rxb2 14. Rad1 Qa5 15.
Bxg7 Kxg7 16. g4 h6 17. Rf2 Nh7 18. Qe3 Bd7 19. e5 gxf5 20. gxf5 Bxf5 21. Kh1
Bg6 22. Rg1 Rbb8 23. Nh4 dxe5 24. Nf5+ Kh8 25. Nxe7 Qc7 26. Qxe5+ Qxe5 27. dxe5
Rb2 28. h4 h5 29. e6 Rb7 30. Nxc6 fxe6 31. Re2 Bf5 32. Ne5 Rg7 33. Rxg7 Kxg7 34.
Rg2+ Kh6 35. Nxc4 Nf6 36. Nd6 Ng4 37. Re2 Kg7 38. Ncb5 Bg6 39. Nd4 Rf1+ 40. Kg2
Ra1 41. Nxe6+ Kf6 42. Nf4 Ne5 43. c4 Rb1 44. Ne8+ Kf5 45. Kg3 Nxc4 46. Re6 1-0

[Event "16th Sants Open 2014"]
[Site "Barcelona ESP"]
[Date "2014.08.24"]
[Round "3.16"]
[White "Peelen, Piet"]
[Black "Gomez Garrido, Camilo Ernesto"]
[Result "0-1"]
[WhiteTitle "IM"]
[BlackTitle "IM"]
[WhiteElo "2303"]
[BlackElo "2496"]
[WhiteFideId "1000403"]
[BlackFideId "3507904"]
[EventDate "2014.08.22"]

1. d4 d5 2. c4 c6 3. Nf3 Nf6 4. Nc3 a6 5. c5 Nbd7 6. Bf4 Nh5 7. Bg5 h6 8. Bd2
Nhf6 9. Bf4 Nh5 10. Be5 Nxe5 11. Nxe5 Nf6 12. e4 dxe4 13. Bc4 e6 14. O-O Qc7 15.
Re1 Bxc5 16. Nxf7 Qxf7 17. dxc5 O-O 18. Qd4 e3 19. Rxe3 Bd7 20. Rae1 Rad8 21.
Ne4 Nxe4 22. Rxe4 Bc8 23. Qe3 Qf6 24. Qe2 a5 25. g3 Rd4 26. Bxe6+ Kh8 27. Bxc8
Rxe4 28. Qxe4 Qxf2+ 29. Kh1 Rxc8 30. Qe5 Rd8 31. a3 Qf3+ 32. Kg1 Rd2 33. Qe8+
Kh7 34. Qe4+ Qxe4 35. Rxe4 Rxb2 36. g4 Rb3 37. Ra4 Rb5 38. Rc4 Kg6 39. h4 Rb3
40. Ra4 Rc3 41. Rxa5 Rg3+ 42. Kf2 Rxg4 43. Ra7 Rxh4 44. Rxb7 Rc4 45. Rc7 Rxc5
46. a4 h5 47. Kg3 Kh6 48. a5 Rxa5 49. Rxc6+ Kg5 50. Rc3 g6 51. Rb3 h4+ 52. Kh3
Kh5 53. Rc3 g5 54. Rc2 g4+ 55. Kh2 Kg5 56. Rb2 Rd5 57. Ra2 h3 58. Kg3 Rd3+ 59.
Kh2 Kh4 60. Ra4 Rd2+ 61. Kh1 Re2 62. Rb4 Kg3 63. Rb3+ Kf4 64. Rb4+ Kf3 65. Rb3+
Re3 66. Rb1 g3 67. Rf1+ Ke2 68. Rf8 Rd3 69. Re8+ Kf3 70. Re1 Rd2 71. Kg1 Rd5 72.
Kh1 Kf2 73. Rg1 g2+ 74. Kh2 Re5 75. Ra1 Re1 76. Ra2+ Ke3 77. Ra3+ Kd4 78. Rg3
Rh1# 0-1

[Event "16th Sants Open 2014"]
[Site "Barcelona ESP"]
[Date "2014.08.24"]
[Round "3.17"]
[White "Collins, Sam E."]
[Black "Kvisvik, Brede"]
[Result "1/2-1/2"]
[WhiteTitle "IM"]
[BlackTitle "FM"]
[WhiteElo "2495"]
[BlackElo "2290"]
[WhiteFideId "2501198"]
[BlackFideId "1502999"]
[EventDate "2014.08.22"]

1. c4 e5 2. g3 Nf6 3. Bg2 c6 4. d4 exd4 5. Qxd4 d5 6. cxd5 cxd5 7. Nf3 Nc6 8.
Qa4 Bc5 9. O-O O-O 10. a3 Ne4 11. b4 Qf6 12. Ra2 Bb6 13. Bb2 d4 14. b5 Be6 15.
Ra1 Ne5 16. Nfd2 Nc5 17. Qb4 Ncd3 18. exd3 Nxd3 19. Ne4 1/2-1/2

[Event "16th Sants Open 2014"]
[Site "Barcelona ESP"]
[Date "2014.08.24"]
[Round "3.18"]
[White "Gonzalez Valero, Julio"]
[Black "Cuartas, Jaime Alexander"]
[Result "0-1"]
[BlackTitle "GM"]
[WhiteElo "2288"]
[BlackElo "2489"]
[WhiteFideId "2218810"]
[BlackFideId "4401190"]
[EventDate "2014.08.22"]

1. d4 d5 2. c4 e5 3. dxe5 d4 4. Nf3 Nc6 5. a3 Nge7 6. b4 Ng6 7. Bb2 a5 8. b5
Ncxe5 9. Nxe5 Nxe5 10. e3 Be6 11. Bxd4 Nxc4 12. Qc2 Qd5 13. Bd3 Nd6 14. O-O Nxb5
15. Bxb5+ Qxb5 16. Qxc7 Rc8 17. Qg3 h5 18. Nc3 Qc6 19. Rfb1 h4 20. Qf3 Qxf3 21.
gxf3 Rh6 22. Kf1 Rg6 23. Rxb7 Bc4+ 24. Ne2 Ba6 25. Rb2 Bxa3 26. Rb6 Rxb6 27.
Bxb6 Bb4 28. Bxa5 Bxa5 29. Rxa5 Rc1+ 30. Kg2 Bxe2 31. h3 Bf1+ 32. Kh2 Rc2 33.
Kg1 Bxh3 34. Rh5 Rc6 35. Rxh4 Rg6+ 36. Kh2 Bf1 37. Re4+ Kf8 38. Rf4 f6 39. Kh1
Kf7 40. Kh2 Rg2+ 41. Kh1 Rg5 42. Kh2 Bg2 0-1

[Event "16th Sants Open 2014"]
[Site "Barcelona ESP"]
[Date "2014.08.24"]
[Round "3.19"]
[White "Ducarmon, Quinten"]
[Black "Kenneskog, Theodor"]
[Result "1-0"]
[WhiteTitle "IM"]
[WhiteElo "2479"]
[BlackElo "2285"]
[WhiteFideId "1025007"]
[BlackFideId "1715011"]
[EventDate "2014.08.22"]

1. e4 e6 2. d4 d5 3. Nd2 Nf6 4. e5 Nfd7 5. Bd3 c5 6. c3 Nc6 7. Ngf3 g6 8. h4 h6
9. Qe2 cxd4 10. cxd4 Nb4 11. Nb1 Nxd3+ 12. Qxd3 Nb6 13. Nc3 Bd7 14. b3 Rc8 15.
O-O Be7 16. a4 a6 17. g3 Na8 18. Bd2 Kf8 19. h5 gxh5 20. Kg2 Bg5 21. Rh1 Bxd2
22. Nxd2 Qg5 23. Nf3 Qg6 24. Qd2 Ke8 25. Rh4 b5 26. axb5 axb5 27. Ne2 Nb6 28.
Ra6 Rc2 29. Qd1 Rc6 30. Nf4 Qf5 1-0

[Event "16th Sants Open 2014"]
[Site "Barcelona ESP"]
[Date "2014.08.24"]
[Round "3.20"]
[White "Delorme, Alban"]
[Black "Graf, Felix"]
[Result "1/2-1/2"]
[WhiteTitle "FM"]
[WhiteElo "2280"]
[BlackElo "2479"]
[WhiteFideId "623636"]
[BlackFideId "24608904"]
[EventDate "2014.08.22"]

1. e4 e6 2. d4 d5 3. Nc3 Nc6 4. e5 f6 5. exf6 Nxf6 6. Nf3 Be7 7. Bd3 Nb4 8. Ne5
O-O 9. O-O c5 10. dxc5 Bxc5 11. Bg5 a6 12. a3 Nxd3 13. Qxd3 Qc7 14. Rae1 Bd6 15.
Nf3 Bd7 16. Re2 Kh8 17. Rfe1 Ne4 18. Rxe4 dxe4 19. Nxe4 Rxf3 20. gxf3 Bxh2+ 21.
Kg2 Rf8 22. c4 Be5 23. Rh1 Rf5 24. Ng3 Bxg3 25. fxg3 h6 26. Bf4 e5 27. Rd1 Be6
28. Qd8+ Qxd8 29. Rxd8+ Kh7 30. Re8 1/2-1/2

[Event "16th Sants Open 2014"]
[Site "Barcelona ESP"]
[Date "2014.08.24"]
[Round "3.21"]
[White "Galliamova, Alisa"]
[Black "Gruenter, Martin"]
[Result "1-0"]
[WhiteTitle "IM"]
[WhiteElo "2472"]
[BlackElo "2275"]
[WhiteFideId "4129725"]
[BlackFideId "24640352"]
[EventDate "2014.08.22"]

1. d4 Nf6 2. c4 e6 3. Nc3 Bb4 4. Qc2 O-O 5. a3 Bxc3+ 6. Qxc3 b5 7. cxb5 c6 8. f3
cxb5 9. e4 a6 10. Bf4 Nc6 11. Bd6 Re8 12. a4 Bb7 13. Bd3 Qb6 14. Qc5 Qxc5 15.
dxc5 Nb4 16. Kd2 Nxd3 17. Kxd3 bxa4 18. Ne2 Rec8 19. Rhc1 Ne8 20. Bg3 Bc6 21.
Nc3 Nc7 22. Nxa4 Bxa4 23. Rxa4 Nb5 24. Rc2 f6 25. b4 Rc6 26. Ra5 e5 27. Rca2 Nc7
28. b5 Rxc5 29. b6 Rxa5 30. Rxa5 Ne6 31. Bf2 Nd4 32. Bxd4 exd4 33. Kxd4 Kf7 34.
Kc5 Rc8+ 35. Kb4 Ra8 36. Rc5 Ke7 37. Ka5 d6 38. Rc7+ 1-0

[Event "16th Sants Open 2014"]
[Site "Barcelona ESP"]
[Date "2014.08.24"]
[Round "3.22"]
[White "Diaz Castro, Sergio"]
[Black "Cruz, Jonathan"]
[Result "0-1"]
[BlackTitle "IM"]
[WhiteElo "2272"]
[BlackElo "2459"]
[WhiteFideId "2250608"]
[BlackFideId "3802124"]
[EventDate "2014.08.22"]

1. e4 e5 2. Nf3 Nc6 3. d4 exd4 4. Nxd4 Bb4+ 5. Nc3 Nge7 6. Bg5 h6 7. Bh4 O-O 8.
Nxc6 bxc6 9. Bd3 d5 10. O-O Bxc3 11. bxc3 dxe4 12. Re1 g5 13. Rxe4 gxh4 14. Rd4
Qe8 15. Qh5 Ng6 16. Qxh6 Qe5 17. Bxg6 fxg6 18. Qxg6+ Qg7 19. Qxc6 Qf6 20. Qxf6
Rxf6 21. Rxh4 Bf5 22. Rc4 c6 23. Re1 Bxc2 24. Re7 a5 25. f3 a4 26. Rc7 a3 27.
Rg4+ Rg6 28. Rb4 Re8 29. h4 Bd1 30. h5 Rg5 31. Ra7 Bxf3 32. Kf2 Bxg2 33. Rxa3
Bd5 34. Ra7 Rg2+ 35. Kf1 Rf8+ 36. Ke1 c5 37. Rb6 Bc4 38. Rg6+ Rxg6 39. hxg6 Rf1+
40. Kd2 Bxa2 41. Ke3 Bb3 42. Ke4 c4 43. Rc7 Rf6 44. Kd5 Rxg6 45. Kc5 Rg7 46.
Rc8+ Kf7 47. Rd8 Ke7 48. Rd4 Rg5+ 49. Kb4 Ke6 50. Rd2 Rd5 51. Re2+ Kd6 52. Re1
Kc6 53. Re6+ Rd6 54. Re5 Rd8 55. Rc5+ Kd6 56. Rb5 Rd7 57. Rb6+ Kd5 58. Rb5+ Ke4
59. Rh5 Rb7+ 60. Kc5 Kd3 61. Rh3+ Kc2 62. Rg3 Rb8 63. Rh3 Ba2 64. Kd4 Rd8+ 65.
Kc5 Rd3 0-1

[Event "16th Sants Open 2014"]
[Site "Barcelona ESP"]
[Date "2014.08.24"]
[Round "3.23"]
[White "Arias Igual, Alejandro"]
[Black "Pardo Simon, David"]
[Result "1-0"]
[BlackTitle "IM"]
[WhiteElo "2271"]
[BlackElo "2457"]
[WhiteFideId "2254905"]
[BlackFideId "2296276"]
[EventDate "2014.08.22"]

1. d4 d6 2. Nf3 g6 3. e4 Nf6 4. Bd3 Bg7 5. c3 Nbd7 6. Bg5 e5 7. O-O h6 8. Bh4
Qe7 9. Re1 O-O 10. Nbd2 a6 11. Qc2 b6 12. Nc4 Bb7 13. dxe5 dxe5 14. Nfd2 Nc5 15.
Bf1 g5 16. Bg3 Nfxe4 17. Nxe4 Nxe4 18. Rxe4 Bxe4 19. Qxe4 f5 20. Qd5+ Kh7 21. f3
Rad8 22. Qb7 b5 23. Ne3 Qe6 24. Bf2 c5 25. g4 fxg4 26. Qe4+ Kg8 27. fxg4 Rf4 28.
Qc2 e4 29. a4 c4 30. axb5 axb5 31. Re1 Bf8 32. Ng2 Qxg4 33. h3 Rxf2 34. Qxf2 Qf3
35. Ne3 Qf4 36. Rd1 Rxd1 37. Nxd1 Qe5 38. Ne3 Bc5 39. Kg2 Qf4 40. Qxf4 gxf4 41.
Nd5 Kf7 42. Nxf4 Ke7 43. Kg3 Kd6 44. Ng2 Ke5 45. Kg4 Be7 46. h4 Bf8 47. Be2 Bg7
48. Ne3 Bf8 49. Nc2 Kd5 50. Bf1 Be7 51. Bg2 Bf6 52. Kh5 Ke5 53. Na3 e3 54. Bf1
Kf4 55. Nxb5 Kg3 56. Nd4 Bxh4 57. Nf5+ Kf2 58. Kxh4 1-0

[Event "16th Sants Open 2014"]
[Site "Barcelona ESP"]
[Date "2014.08.24"]
[Round "3.24"]
[White "Hoffman, Alejandro"]
[Black "Jaksland, Tim"]
[Result "1-0"]
[WhiteTitle "GM"]
[BlackTitle "FM"]
[WhiteElo "2456"]
[BlackElo "2262"]
[WhiteFideId "100340"]
[BlackFideId "1401084"]
[EventDate "2014.08.22"]

1. d4 Nf6 2. c4 c5 3. d5 b5 4. cxb5 a6 5. bxa6 g6 6. Nc3 Bxa6 7. e4 Bxf1 8. Kxf1
d6 9. Nf3 Bg7 10. g3 O-O 11. Kg2 Nbd7 12. a4 Ra6 13. Ra3 Qa8 14. Qc2 Rc8 15. h3
e6 16. dxe6 fxe6 17. Re1 d5 18. exd5 exd5 19. Kg1 d4 20. Nb5 Nd5 21. Bd2 Rf8 22.
Ng5 Raf6 23. f4 Qc6 24. Raa1 h6 25. Ne4 Re6 26. Rac1 Rfe8 27. Ned6 R8e7 28. Qb3
Kh7 29. Qf3 Rxe1+ 30. Rxe1 Rxe1+ 31. Bxe1 c4 32. f5 g5 33. Qe4 Bf6 34. Qe8 Bg7
35. Qg6+ Kg8 36. Nxd4 Qc5 37. Bf2 Nf8 38. Qf7+ 1-0

[Event "16th Sants Open 2014"]
[Site "Barcelona ESP"]
[Date "2014.08.24"]
[Round "3.25"]
[White "Oliva Castaneda, Kevel"]
[Black "Pedini, Dario"]
[Result "1-0"]
[WhiteTitle "FM"]
[WhiteElo "2446"]
[BlackElo "2260"]
[WhiteFideId "3500799"]
[BlackFideId "824623"]
[EventDate "2014.08.22"]

1. Nf3 f5 2. d3 Nf6 3. e4 d6 4. Nc3 Nc6 5. exf5 Bxf5 6. d4 Qd7 7. Bc4 e6 8. O-O
O-O-O 9. a3 h6 10. b4 Bg4 11. Be2 g5 12. Bb2 Bg7 13. Na2 Ne7 14. c4 Rdg8 15. b5
Bxf3 16. Bxf3 d5 17. Qa4 Kb8 18. c5 c6 19. Be2 Ne4 20. Nb4 Ka8 21. Qc2 Rc8 22.
b6 a6 23. f3 Nf6 24. Rfb1 Nf5 25. Bc3 Kb8 26. Qa4 Rcf8 27. Bxa6 Ne7 28. Bb5 1-0

[Event "16th Sants Open 2014"]
[Site "Barcelona ESP"]
[Date "2014.08.24"]
[Round "3.26"]
[White "Diaz Camallonga, Carles"]
[Black "Lyrberg, Patrik"]
[Result "1/2-1/2"]
[BlackTitle "IM"]
[WhiteElo "2261"]
[BlackElo "2444"]
[WhiteFideId "22235256"]
[BlackFideId "1701975"]
[EventDate "2014.08.22"]

1. e4 e6 2. d4 d5 3. Nc3 dxe4 4. Nxe4 Bd7 5. Nf3 Bc6 6. Bd3 Nd7 7. O-O Ngf6 8.
Ng3 Be7 9. Re1 O-O 10. c3 a5 11. Bf4 a4 12. Qe2 Bxf3 13. Qxf3 c6 14. Rad1 Nd5
15. Bc1 b5 16. Ne4 Re8 17. Qg3 Qb8 18. f4 a3 19. bxa3 Bxa3 20. Bd2 h6 21. Bb1
Bb2 22. Qd3 f5 23. Qc2 Ba3 24. Ng3 N7f6 25. c4 bxc4 26. Qxc4 Qd6 27. Bc2 c5 28.
Be3 Nxe3 29. Rxe3 Nd5 30. Re5 cxd4 31. Nxf5 Qc5 32. Qxc5 Bxc5 33. Bb3 Rad8 34.
Kf1 Kf8 35. Bxd5 Rxd5 36. Rxd5 exd5 37. Nxd4 Re4 38. Ne2 d4 39. Rd3 Kf7 40. Kf2
Re7 41. Kf3 Ra7 42. Nxd4 Bxd4 43. Rxd4 Ra3+ 44. Ke2 Rxa2+ 45. Rd2 Ra4 46. Ke3 h5
47. Rd5 g6 48. Kf3 Ra3+ 49. Kf2 Kf6 50. h3 Rb3 51. Ra5 Rc3 52. g3 Rc2+ 53. Kf3
Rc3+ 54. Kf2 Rc2+ 1/2-1/2

[Event "16th Sants Open 2014"]
[Site "Barcelona ESP"]
[Date "2014.08.24"]
[Round "3.27"]
[White "Cruz, Filemon"]
[Black "Buchenau, Frank"]
[Result "1/2-1/2"]
[WhiteTitle "IM"]
[BlackTitle "FM"]
[WhiteElo "2439"]
[BlackElo "2250"]
[WhiteFideId "3800296"]
[BlackFideId "4604350"]
[EventDate "2014.08.22"]

1. Nf3 Nf6 2. c4 b6 3. g3 Bb7 4. Bg2 e6 5. O-O Be7 6. d4 O-O 7. b3 d5 8. Nbd2
Nbd7 9. Bb2 Bd6 10. Ne5 Qe7 11. Rc1 Rfc8 12. Rc2 c5 13. e3 Nf8 14. dxc5 Bxc5 15.
Ng4 N8d7 16. Nxf6+ Nxf6 17. Qa1 Ba3 18. Bxa3 Qxa3 19. Rfc1 Qe7 20. cxd5 Rxc2 21.
Rxc2 Nxd5 22. Qc1 Rd8 23. e4 Nf6 24. e5 Bxg2 25. Rc7 Qb4 26. Rc8 Qf8 27. Rxd8
Qxd8 28. Kxg2 Qa8+ 29. Kg1 Ng4 30. Nf3 f6 31. Qf4 Nxe5 32. Nxe5 fxe5 33. Qxe5
Qc8 34. h4 Qd7 35. Qe4 Qd1+ 36. Kg2 Qd7 37. g4 h6 38. Kf3 Qd1+ 39. Kg2 Qd7 40.
h5 e5 41. Kg3 Qd2 42. Qxe5 Qxa2 43. Qd5+ Kh7 44. Qd3+ Kh8 45. f4 Qa1 46. Qe3 Qd1
47. b4 a5 48. bxa5 bxa5 49. Qe8+ Kh7 50. Qe4+ Kh8 51. Qa8+ Kh7 52. Qxa5 Qg1+ 53.
Kf3 Qd1+ 54. Ke4 Qxg4 55. Qe5 Qe2+ 56. Kd5 Qb5+ 57. Ke6 1/2-1/2

[Event "16th Sants Open 2014"]
[Site "Barcelona ESP"]
[Date "2014.08.24"]
[Round "3.28"]
[White "Tallo Dominguez, Imar"]
[Black "Cori T., Deysi"]
[Result "1/2-1/2"]
[BlackTitle "WGM"]
[WhiteElo "2245"]
[BlackElo "2422"]
[WhiteFideId "2283743"]
[BlackFideId "3801934"]
[EventDate "2014.08.22"]

1. Nf3 Nf6 2. g3 b5 3. Bg2 Bb7 4. O-O e6 5. d3 d5 6. a4 b4 7. Nbd2 Be7 8. Re1
O-O 9. c3 a5 10. Ne5 Nbd7 11. Ndf3 Bd6 12. Bf4 Nxe5 13. Bxe5 Bxe5 14. Nxe5 Qd6
15. d4 c5 16. Rc1 Rac8 17. Nd3 cxd4 18. cxd4 Nd7 19. Qd2 Ba6 20. b3 Qb6 21. Nf4
Nf6 22. e3 Rfd8 23. Nd3 Bxd3 24. Qxd3 Rc7 25. Rc2 Rdc8 26. Rec1 Ne8 27. Qd2 Rc6
28. Bf1 Nd6 29. Bd3 h6 30. Rxc6 Rxc6 31. Rxc6 Qxc6 32. Qc2 Qxc2 33. Bxc2 g5 34.
g4 Kg7 35. Kg2 f5 36. Kg3 Kf6 37. f4 gxf4+ 38. Kxf4 fxg4 39. Kxg4 e5 40. Bh7
exd4 41. exd4 Kg7 42. Bf5 Kf6 43. Bh7 Kg7 44. Bf5 Kf6 1/2-1/2

[Event "16th Sants Open 2014"]
[Site "Barcelona ESP"]
[Date "2014.08.24"]
[Round "3.29"]
[White "Aronsson, Marten"]
[Black "Valdes Romero, Leonardo"]
[Result "0-1"]
[BlackTitle "IM"]
[WhiteElo "2200"]
[BlackElo "2406"]
[WhiteFideId "1724223"]
[BlackFideId "6500331"]
[EventDate "2014.08.22"]

1. Nf3 Nf6 2. c4 g6 3. Nc3 Bg7 4. g3 O-O 5. Bg2 d6 6. O-O a6 7. Rb1 e5 8. b4 c6
9. d3 h6 10. a4 Be6 11. Bb2 Nbd7 12. Nd2 d5 13. e4 dxc4 14. dxc4 Re8 15. a5 c5
16. Ba3 Bf8 17. Nd5 Bxd5 18. exd5 cxb4 19. Bxb4 Bxb4 20. Rxb4 Qxa5 21. Rxb7 Rab8
22. Rxb8 Rxb8 23. Qc2 Nc5 24. Nf3 Nfd7 25. Bh3 Qa3 26. Kg2 Rb2 27. Qd1 e4 28.
Nd4 Ne5 29. d6 Nxc4 30. d7 Nxd7 31. Qc1 Nde5 32. Ne6 Rxf2+ 33. Kg1 Qxc1 34. Rxc1
Rd2 0-1

[Event "16th Sants Open 2014"]
[Site "Barcelona ESP"]
[Date "2014.08.24"]
[Round "3.30"]
[White "Aloma Vidal, Robert"]
[Black "Gurrutxaga Telleria, Jose Luis"]
[Result "1-0"]
[WhiteTitle "IM"]
[WhiteElo "2403"]
[BlackElo "2082"]
[WhiteFideId "2260409"]
[BlackFideId "2250578"]
[EventDate "2014.08.22"]

1. d4 Nf6 2. Nf3 c5 3. d5 b5 4. Bg5 Ne4 5. Bh4 Bb7 6. Qd3 f5 7. Nbd2 c4 8. Qd4
Na6 9. c3 Nxd2 10. Nxd2 Qb6 11. Qe5 Nc5 12. Qxf5 Qg6 13. Qxg6+ hxg6 14. Bg3 Bxd5
15. f3 O-O-O 16. e4 Bc6 17. b3 cxb3 18. axb3 a6 19. Be2 e6 20. O-O Be7 21. Bf2
Kb7 22. Bd4 d5 23. b4 Na4 24. Nb3 Bf6 25. e5 Be7 26. Na5+ Kc7 27. Nxc6 Kxc6 28.
Bd1 Rh4 29. Bxa4 Rxd4 30. cxd4 bxa4 31. Rxa4 Kb5 32. Ra5+ Kb6 33. Rfa1 Bxb4 34.
Rxa6+ Kb5 35. Rxe6 Bc3 36. Rb1+ Kc4 37. Rc6+ Kd3 38. Rb3 1-0

[Event "16th Sants Open 2014"]
[Site "Barcelona ESP"]
[Date "2014.08.24"]
[Round "3.31"]
[White "Relea, Nicolas"]
[Black "Jorczik, Julian"]
[Result "0-1"]
[BlackTitle "IM"]
[WhiteElo "2136"]
[BlackElo "2399"]
[WhiteFideId "618632"]
[BlackFideId "24611719"]
[EventDate "2014.08.22"]

1. e4 c5 2. Nc3 e6 3. Nf3 a6 4. d4 cxd4 5. Nxd4 Qc7 6. Bd3 Nf6 7. O-O Nc6 8. Nb3
Be7 9. Bg5 b5 10. Be3 Ne5 11. h3 Bb7 12. f4 Nc4 13. Bxc4 bxc4 14. Nd2 O-O 15.
Qe2 Rac8 16. e5 Nd5 17. Nxd5 Bxd5 18. c3 Rb8 19. Rab1 Rb7 20. Bd4 Rfb8 21. Ne4
Bxe4 22. Qxe4 g6 23. b4 cxb3 24. Rxb3 Rxb3 25. axb3 a5 26. Rb1 Rb5 27. Kh2 Qb8
28. Qc2 d5 29. exd6 Bxd6 30. g3 h5 31. c4 Rf5 32. Be3 h4 33. Rf1 hxg3+ 34. Kxg3
g5 35. Kg4 gxf4 36. Bd4 Qb7 37. c5 Qc6 38. Rf3 Be7 39. h4 Qd5 40. c6 Qxd4 41.
Kh3 Qg1 42. Rc3 f3 43. c7 Bd6 44. c8=Q+ Kg7 0-1